Les Titres des chansons de Joe Dassin - Statistiques

Statistiques générales
  • Ce quiz a été pris 357 fois
  • Le résultat moyen est 9 sur 41
Statistiques - réponses
Hint Difficultée Reponse % Correct
35 Facile L'Été indien
80%
1 Facile Les Champs-Élysées
73%
18 Facile L'Amérique
67%
9 Facile Siffler sur la colline
65%
7 Facile Les Dalton
63%
27 Facile Dans les yeux d'Émilie
56%
22 Facile Et si tu n'existais pas
47%
37 Facile Salut
46%
8 Facile Le petit pain au chocolat
45%
25 Facile A toi
43%
31 Moyen Salut les amoureux
41%
16 Moyen L'Équipe à Jojo
35%
28 Facile Il était une fois nous deux
31%
17 Facile La Fleur Aux Dents
29%
14 Moyen Le chemin de papa
27%
23 Difficile Si tu t'appelles Mélancolie
25%
3 Moyen Guantanamera
23%
33 Ultra Dur Le Dernier Slow
23%
19 Moyen Cécilia
18%
29 Moyen Le Café des trois colombes
18%
10 Moyen La Bande A Bonnot
14%
21 Difficile Le Moustique
11%
11 Ultra Dur Ma bonne étoile
10%
26 Moyen Le Jardin du Luxembourg
9%
15 Moyen C'est la vie, Lily
6%
4 Difficile Comme la lune
5%
5 Ultra Dur Excuse me lady
5%
20 Difficile Taka takata
5%
12 Difficile Le temps des œufs au plat
4%
2 Difficile Ça m'avance à quoi
3%
30 Difficile Côté banjo, côté violon
3%
32 Moyen L'Amour s'en va
1%
34 Difficile La vie se chante, la vie se pleure
1%
24 Difficile Le Costume blanc
1%
38 Moyen Sa va pas changer le monde
1%
Bonus Jonathan Dassin 2 Le Dessert
0%
6 Ultra Dur Le Tricheur
0%
Bonus Jonathan Dassin 1 Ma Voisine
0%
36 Difficile Mon Fils
0%
13 Difficile Plus je te vois, plus je te veux
0%
39 Ultra Dur Ton côté du lit
0%
Aucun quiz correspondant
Distribution des résultats
% des personnes avec chaque résultat
Percentile par nombre de réponses
Votre historique - résultats
Vous n’avez pas pris ce quiz